000 00715nam a2200181 4500
008 060607s2000 nyu eng
020 _a0760725438 :
_cPhp370/351.50
090 _aRA781.4
_bOf2
100 1 _aRobinson, Lynne
245 1 0 _aThe official body control Pilates manual :
_bthe ultimate Pilates guide for fitness, family health, sport and at work /
_cLynne Robinson...[et al.].
260 _aNew York :
_bBarnes and Noble Books,
_cc2000.
300 _a272 p. :
_bill.
650 4 _aExercise.
650 4 _aPhysical fitness.
650 4 _aPilates method
_xHandbooks, manuals, etc.
650 4 _aPilates method
_xStudy and teaching.
951 _p29457
_x00032991
_oRA781.4/Of2
_j070613111556343
_d2000-12-21
_cREF
999 _c26788
_d26788